مكتبة جامعة عجلون الوطنية

فهرس بحث المكتبة

Agribusiness management / (Record no. 33162)

MARC details
000 -LEADER
fixed length control field 04633cam a22004578i 4500
001 - CONTROL NUMBER
control field 21576332
003 - CONTROL NUMBER IDENTIFIER
control field JO-AjAnu
005 - DATE AND TIME OF LATEST TRANSACTION
control field 20231127111419.0
008 - FIXED-LENGTH DATA ELEMENTS--GENERAL INFORMATION
fixed length control field 200620s2021 nyu b 001 0 eng
010 ## - LIBRARY OF CONGRESS CONTROL NUMBER
LC control number 2020027098
020 ## - INTERNATIONAL STANDARD BOOK NUMBER
International Standard Book Number 9780367341947
Qualifying information (paperback)
020 ## - INTERNATIONAL STANDARD BOOK NUMBER
International Standard Book Number 9780367341930
Qualifying information (hardback)
020 ## - INTERNATIONAL STANDARD BOOK NUMBER
Canceled/invalid ISBN 9780429324420
Qualifying information (ebook)
040 ## - CATALOGING SOURCE
Original cataloging agency DNAL/DLC
Language of cataloging eng
Description conventions rda
Transcribing agency DLC
Modifying agency JO-AjAnu
042 ## - AUTHENTICATION CODE
Authentication code pcc
050 00 - LIBRARY OF CONGRESS CALL NUMBER
Classification number HD9000.5
Item number .B323 2021
070 0# - NATIONAL AGRICULTURAL LIBRARY CALL NUMBER
Classification number HD9000.5
Item number .B376 2021
082 00 - DEWEY DECIMAL CLASSIFICATION NUMBER
Classification number 630.68
Edition number 23
100 1# - MAIN ENTRY--PERSONAL NAME
Personal name Barnard, Freddie L.,
Relator term author.
245 10 - TITLE STATEMENT
Title Agribusiness management /
Statement of responsibility, etc. Freddie L. Barnard, John Foltz, Elizabeth A. Yeager, Brady Brewer.
250 ## - EDITION STATEMENT
Edition statement Sixth edition.
263 ## - PROJECTED PUBLICATION DATE
Projected publication date 2012
264 #1 - PRODUCTION, PUBLICATION, DISTRIBUTION, MANUFACTURE, AND COPYRIGHT NOTICE
Place of production, publication, distribution, manufacture New York, NY :
Name of producer, publisher, distributor, manufacturer Routledge,
Date of production, publication, distribution, manufacture, or copyright notice 2021.
300 ## - PHYSICAL DESCRIPTION
Extent pages cm
336 ## - CONTENT TYPE
Content type term text
Content type code txt
Source rdacontent
337 ## - MEDIA TYPE
Media type term unmediated
Media type code n
Source rdamedia
338 ## - CARRIER TYPE
Carrier type term volume
Carrier type code nc
Source rdacarrier
504 ## - BIBLIOGRAPHY, ETC. NOTE
Bibliography, etc. note Includes bibliographical references and index.
505 0# - FORMATTED CONTENTS NOTE
Formatted contents note PART 1. Agribusiness Management: Scope, Functions, and Tasks -- Chapter 1 - The Business of Agribusiness -- Chapter 2 - Managing the Agribusiness -- Chapter 3 - Economics for Agribusiness -- PART 2. Agribusiness Management: Organization and Context -- Chapter 4 - The Organization of an Agribusiness -- Chapter 5 - International Agribusiness -- PART 3. Marketing Management for Agribusiness -- Chapter 6 - Strategic Market Planning -- Chapter 7 - The Marketing Mix -- Chapter 8 - Tools for Marketing Decisions -- PART 4. Financial Management for Agribusiness -- Chapter 9 - Understanding Financial Statements -- Chapter 10 - Analyzing Financial Statements -- Chapter 11 - Financing the Agribusiness -- Chapter 12 - Tools for Evaluating Operating Decisions -- Chapter 13 - Tools for Evaluating Investment Decisions -- PART 5. Operations Management for Agribusiness -- Chapter 14 - Production Planning and Management -- Chapter 15 - Supply Chain Management in Agribusiness -- PART 6. Human Resources Management for Agribusiness -- Chapter 16 - Managing Organizational Structure -- Chapter 17 - Managing Human Resources in Agribusiness.
520 ## - SUMMARY, ETC.
Summary, etc. "This sixth edition of Agribusiness Management provides students and managers with a fundamental understanding of the key concepts needed to successfully manage agribusinesses in a rapidly changing, high-tech, consumer-oriented, and uncertain world. The text uses four specific approaches to help readers develop and enhance their capabilities as agribusiness managers. First, it offers a contemporary focus that reflects the issues that agribusiness managers face today and are likely to face tomorrow. Second, the book presents conceptual material in a pragmatic way with illustrations and examples that will help the reader understand how a specific concept works in practice. Third, the book has a decision-making emphasis, providing contemporary tools that readers will find useful when making decisions in the contemporary business environment. Finally, Agribusiness Management offers a pertinent set of discussion questions and case studies that will allow the reader to apply the material covered in real-world situations. This edition has been updated throughout with new examples and data, as well as additional material on succession planning and managing human resources. This book is an ideal text for all courses on management in the agribusiness industry. The work is fully supported by a Companion Website which provides users with additional materials such as multiple choice questions, discussion questions, and PowerPoint slides for each chapter. Freddie L. Barnard is Professor Emeritus in the Department of Agricultural Economics at Purdue University, USA. John Foltz is Professor and Chair of the Department of Animal Sciences at Ohio State University, USA. Elizabeth A. Yeager is an Associate Professor in the Department of Agricultural Economics at Kansas State University, USA. Brady Brewer is an Assistant Professor in the Department of Agricultural Economics at Purdue University, USA"--
Assigning source Provided by publisher.
530 ## - ADDITIONAL PHYSICAL FORM AVAILABLE NOTE
Additional physical form available note Issued also in electronic format.
650 #0 - SUBJECT ADDED ENTRY--TOPICAL TERM
Topical term or geographic name entry element Agricultural industries
General subdivision Management.
650 #0 - SUBJECT ADDED ENTRY--TOPICAL TERM
Topical term or geographic name entry element Agriculture
General subdivision Economic aspects.
700 1# - ADDED ENTRY--PERSONAL NAME
Personal name Foltz, John C.,
Relator term author.
700 1# - ADDED ENTRY--PERSONAL NAME
Personal name Yeager, Elizabeth A.,
Dates associated with a name 1985-
Relator term author.
700 1# - ADDED ENTRY--PERSONAL NAME
Personal name Brewer, Brady,
Relator term author.
776 08 - ADDITIONAL PHYSICAL FORM ENTRY
Relationship information Online version:
Main entry heading Barnard, Freddie L.,
Title Agribusiness management
Edition Sixth edition.
Place, publisher, and date of publication New York, NY : Routledge, 2021.
International Standard Book Number 9780429324420
Record control number (DLC) 2020027099
906 ## - LOCAL DATA ELEMENT F, LDF (RLIN)
a 7
b cbc
c orignew
d 1
e ecip
f 20
g y-gencatlg
942 ## - ADDED ENTRY ELEMENTS (KOHA)
Source of classification or shelving scheme Library of Congress Classification
Koha item type Books
Suppress in OPAC No
Holdings
Withdrawn status Lost status Source of classification or shelving scheme Damaged status Not for loan Home library Current library Date acquired Total Checkouts Full call number Barcode Date last seen Price effective from Koha item type
    Library of Congress Classification     مكتبة جامعة عجلون الوطنية مكتبة جامعة عجلون الوطنية 27/11/2023   HD9000.5B323.2021 e3679 27/11/2023 27/11/2023 Books
    Library of Congress Classification     مكتبة جامعة عجلون الوطنية مكتبة جامعة عجلون الوطنية 27/11/2023   HD9000.5B323.2021 E3680 27/11/2023 27/11/2023 Books